| 000 | 00612nam a2200169 4500 | ||
|---|---|---|---|
| 008 | 020416s1926 us 1 engYA | ||
| 090 |
_aBL1801 _bD36c |
||
| 100 | 1 | _aKorne, John C. De | |
| 245 | 1 | 0 |
_aChinese altars to the unknown god : _ban account of the religions of China and the reactions to them of Christian missions / _cJohn C. De Korne. |
| 260 |
_aMichigan : _bSmitter Book, _cc1926. |
||
| 300 | _axii, 139 p. | ||
| 500 | _a[Xerox copy] | ||
| 504 | _aIncludes index | ||
| 650 | 4 | _aChinese missions. | |
| 651 | 4 |
_aChina _xReligions. |
|
| 951 |
_p24831 _x00010252 _oBL1801/D36c _j070613111057859 _d2000-12-21 _cGC |
||
| 999 |
_c7246 _d7246 |
||